| 000 | 01001cam a2200301 a 4500 | ||
|---|---|---|---|
| 001 | 16030604 | ||
| 003 | OSt | ||
| 005 | 20140310182741.0 | ||
| 008 | 091221s2011 njuab b 000 0 eng | ||
| 010 | _a 2009052036 | ||
| 020 | _a9780136120988 (casebound : alk. paper) | ||
| 020 | _a9789810697983 | ||
| 035 | _a(OCoLC)ocn457156245 | ||
| 040 |
_aDLC _cDLC _dYDX _dYDXCP _dBWX _dDLC |
||
| 050 | 0 | 0 |
_aHD 30.28 _b.D385 2011 |
| 100 | 1 | _aDavid, Fred R. | |
| 245 | 1 | 0 |
_aStrategic management : _bconcepts and cases / _cFred R. David. |
| 250 | _a13th ed. | ||
| 260 |
_aUpper Saddle River, N.J. : _bPrentice Hall, _cc2011. |
||
| 300 |
_axxxi, 306 p. : _bill. (some col.), map ; _c29 cm. |
||
| 521 | _aBSBA | ||
| 650 | 0 | _aStrategic planning. | |
| 650 | 0 |
_aStrategic planning _vCase studies. |
|
| 906 |
_a7 _bcbc _corignew _d1 _eecip _f20 _gy-gencatlg |
||
| 942 |
_2lcc _cBK _kFOR |
||
| 999 |
_c15572 _d15572 |
||